| 000 | 00615nam a2200205 i 4500 | ||
|---|---|---|---|
| 001 | 32985 | ||
| 003 | ES-MaACL | ||
| 005 | 20250822035245.0 | ||
| 007 | t| | ||
| 008 | 030131s1946 mx ||||1| spa d | ||
| 100 | 1 |
_aBernard, L. L. _928246 |
|
| 245 | 1 | 0 |
_aPsicología social / _cL.L. Bernard ; versión española de Rubén Landa. |
| 250 | _a1ª ed. española rev. | ||
| 260 |
_aMéxico : _bFondo de Cultura Económica, _c[1946] |
||
| 300 |
_aXXII, 576 p. ; _c25 cm. |
||
| 650 | 0 | 7 |
_aPsicología social _2embne _916573 |
| 700 | 1 |
_aLanda, Rubén. _969918 |
|
| 852 |
_aES-MaACL _jA-3801 |
||
| 999 |
_c32985 _d32985 |
||